| 000 | 01377nam a2200349 a 4500 | ||
|---|---|---|---|
| 001 | 000044532 | ||
| 003 | DO-SdBNP | ||
| 005 | 20251209095446.0 | ||
| 008 | 100120s2012 dr 001 0 spa d | ||
| 020 | _a9789945412260 (rústica) | ||
| 020 | _a9789945412253 (tapa dura) | ||
| 040 |
_aDO-SdBNP _bspa _cBNPHU |
||
| 082 | 4 |
_a320.97293 _bH332L, 2012 _222 |
|
| 100 | 1 |
_aHartlyn, Jonathan _933468 |
|
| 240 | 1 | 4 |
_aThe struggle for democratic politics in the Dominican Republic _lEspañol |
| 245 | 1 | 3 |
_aLa lucha por la democracia política en la República Dominicana / _cJonathan Hartlyn ; traducción Ramón Arturo Victoriano. |
| 260 |
_aSanto Domingo : _bFUNGLODE, _c2012. |
||
| 300 |
_a470 p. ; _c23 cm. |
||
| 490 | 1 | _aDemocracia | |
| 500 | _aIncluye referencias bibliográficas y notas al pie de las páginas | ||
| 500 | _aEl ejemplar 5 del 2012 es la reimpresión de la edición del 2008 | ||
| 504 | _aBibliografía: p. 445-470 | ||
| 590 | _aInventariado, 2018/ YL | ||
| 650 | 0 |
_aDemocracia _9286 |
|
| 650 | 0 |
_aElecciones _zRepública Dominicana _xHistoria _96411 |
|
| 651 | 4 |
_aRepública Dominicana _xPolítica y gobierno _y1966-1996 _933469 |
|
| 700 | 1 | 2 |
_aVitoriano, Ramón Arturo, _etr. _933470 |
| 710 | 2 |
_aFundación Global Democracía y Desarrollo _925477 |
|
| 830 | 0 |
_aDemocracia _933472 |
|
| 910 | _aValidado. Control de calidad MFF | ||
| 942 |
_2ddc _cLBS1 |
||
| 999 |
_c44021 _d44021 |
||